[Event "Challenge"]
[Site "http://www.queenalice.com/game.php?id=56862"]
[Date "2006.3.12"]
[Round "-"]
[White "creative"]
[Black "Alsina"]
[Result "0-1"]
[WhiteElo "1300"]
[BlackElo "2154"]

1. d4 Nf6 2. c4 g6 3. Nf3 Bg7 4. Nc3 d5 5. Bf4 O-O 6. e3 c5 7. dxc5 Qa5 8. Rc1
dxc4 9. Bxc4 Qxc5 10. Bb3 Nc6 11. O-O Qa5 12. Ng5 Bf5 13. Bxf7+ Rxf7 14. Nxf7
Kxf7 15. Qb3+ Kf8 16. Qxb7 Rc8 17. Ne2 Qb6 18. Qxb6 axb6 19. Rfd1 Kf7 20. a3 Ne4
21. b4 Bb2 22. Rc4 b5 23. Rc2 Nxf2 0-1

[Event "Challenge"]
[Site "http://www.queenalice.com/game.php?id=56863"]
[Date "2006.3.12"]
[Round "-"]
[White "Alsina"]
[Black "creative"]
[Result "1-0"]
[WhiteElo "2168"]
[BlackElo "1300"]

1. d4 d5 2. Nf3 e6 3. g3 b6 4. Bf4 Bb7 5. Bg2 Nf6 6. O-O Nc6 7. Nc3 Be7 8. Nb5
Rc8 9. Ne5 O-O 10. Nxc6 Bxc6 11. Nxa7 1-0

[Event "Challenge"]
[Site "http://www.queenalice.com/game.php?id=56864"]
[Date "2006.3.12"]
[Round "-"]
[White "creative"]
[Black "Morpheus"]
[Result "0-1"]
[WhiteElo "1302"]
[BlackElo "2013"]

1. d4 Nf6 2. c4 g6 3. Nf3 Bg7 4. Nc3 d5 5. Bf4 O-O 6. cxd5 Nxd5 7. Nxd5 Qxd5 8.
e3 c5 9. Be5 Nc6 10. Bxg7 Kxg7 11. dxc5 Qxc5 12. Be2 Rd8 13. Qb3 Be6 14. Qa4
Qb4+ 15. Qxb4 Nxb4 16. Bd1 Nd3+ 0-1

[Event "Challenge"]
[Site "http://www.queenalice.com/game.php?id=56866"]
[Date "2006.3.12"]
[Round "-"]
[White "MikeDoherty"]
[Black "creative"]
[Result "1-0"]
[WhiteElo "1933"]
[BlackElo "1300"]

1. e4 c5 2. Nf3 e6 3. Nc3 a6 4. d4 cxd4 5. Nxd4 b5 6. a4 b4 7. Nce2 d5 8. exd5
Qxd5 9. Be3 Nf6 10. Nf4 Qd7 11. Nd3 e5 12. Nxe5 Qd5 13. f4 Qe4 14. Qf3 Qxf3 15.
Ndxf3 Nd5 16. Bd2 Bb7 17. Bc4 f6 18. Nd3 Nd7 19. O-O-O O-O-O 20. Bxd5 Bxd5 21.
Nxb4 Bb7 22. Nd3 Nc5 23. Nxc5 1-0

[Event "Challenge"]
[Site "http://www.queenalice.com/game.php?id=56867"]
[Date "2006.3.12"]
[Round "-"]
[White "Morpheus"]
[Black "creative"]
[Result "1-0"]
[WhiteElo "2037"]
[BlackElo "1300"]

1. c4 c6 2. e4 e5 3. Nf3 d6 4. d4 Be6 5. dxe5 Qa5+ 6. Bd2 Qb6 7. exd6 Qxb2 8.
Bc3 Qb6 9. Ng5 Nf6 10. e5 Qc5 11. Qd2 Bxc4 12. exf6 gxf6 13. Ne4 1-0

[Event "AUTO-OPEN-232"]
[Site "http://www.queenalice.com/game.php?id=56922"]
[Date "2006.3.12"]
[Round "1"]
[White "jochigol1802"]
[Black "creative"]
[Result "1-0"]
[WhiteElo "1673"]
[BlackElo "1300"]

1. e4 c5 2. f4 e6 3. Bc4 d5 4. Bb5+ Nc6 5. Bxc6+ bxc6 6. d3 Be7 7. Ne2 Rb8 8.
O-O h5 9. b3 Nf6 10. e5 Ng4 11. c3 g5 12. c4 d4 13. fxg5 Bxg5 14. Rf3 Be3+ 15.
Bxe3 Nxe3 16. Qd2 Qg5 17. Nf4 Qxe5 18. Na3 Bd7 19. Nc2 Nxc2 20. Qxc2 Ke7 21.
Raf1 f5 22. Ng6+ Kd6 23. Nxe5 1-0

[Event "AUTO-OPEN-232"]
[Site "http://www.queenalice.com/game.php?id=56923"]
[Date "2006.3.12"]
[Round "1"]
[White "creative"]
[Black "jochigol1802"]
[Result "1-0"]
[WhiteElo "1298"]
[BlackElo "1676"]

1. d4 d5 2. c4 c6 3. Nf3 Bf5 4. Nc3 e6 5. Bf4 c5 6. Qa4+ Qd7 7. Qxd7+ Nxd7 8.
Nb5 Rc8 9. Nxa7 Ra8 10. Nb5 dxc4 11. Nc7+ Kd8 12. Nxa8 Ngf6 13. Nc7 cxd4 14.
O-O-O Ng4 15. Ne5 Ndxe5 16. Bxe5 Nxe5 17. Nb5 Bc5 18. Nxd4 Ke7 19. Nxf5+ Kf6 20.
e4 Bxf2 21. Be2 g6 22. Nd6 b5 23. Rhf1 Ke7 24. Rxf2 1-0

[Event "AUTO-OPEN-232"]
[Site "http://www.queenalice.com/game.php?id=56946"]
[Date "2006.3.12"]
[Round "1"]
[White "Doctor"]
[Black "creative"]
[Result "1-0"]
[WhiteElo "1371"]
[BlackElo "1321"]

1. e4 c5 2. Bc4 e6 3. Nc3 Nc6 4. Nf3 Nf6 5. d3 d5 6. exd5 exd5 7. Qe2+ Be7 8.
Bb5 O-O 9. O-O Bg4 10. Bxc6 bxc6 11. h3 Bh5 12. Bd2 Re8 13. Qd1 Qc7 14. b3 Kh8
15. Na4 g5 16. Bc3 d4 17. Bd2 g4 18. hxg4 Nxg4 19. Ng5 1-0

[Event "AUTO-OPEN-232"]
[Site "http://www.queenalice.com/game.php?id=56947"]
[Date "2006.3.12"]
[Round "1"]
[White "creative"]
[Black "Doctor"]
[Result "0-1"]
[WhiteElo "1342"]
[BlackElo "1356"]

1. d4 Nf6 2. c4 g6 3. Nf3 Bg7 4. Nc3 e6 5. e4 O-O 6. Be3 d5 7. cxd5 exd5 8. e5
Ne4 9. Qc2 Bf5 10. Nxe4 Bxe4 11. Bd3 Bxf3 12. gxf3 c6 13. h4 Nd7 14. h5 Qe7 15.
Ke2 f6 16. hxg6 fxe5 17. Rxh7 Nf6 18. Bg5 exd4+ 19. Kd2 Qe5 0-1

[Event "AUTO-OPEN-232"]
[Site "http://www.queenalice.com/game.php?id=56962"]
[Date "2006.3.12"]
[Round "1"]
[White "creative"]
[Black "Claumann"]
[Result "0-1"]
[WhiteElo "1342"]
[BlackElo "2146"]

1. d4 Nf6 2. c4 e6 3. Nf3 Bb4+ 4. Nc3 c5 5. e3 O-O 6. Be2 cxd4 7. exd4 d5 8.
cxd5 Nxd5 9. Qc2 Qc7 10. Bd2 Nf4 11. Bxf4 Qxf4 12. O-O Nc6 13. Rad1 Bd6 14. Ne4
Nb4 15. Qb1 Be7 16. a3 Nd5 17. Qc2 b6 18. Nc3 Bb7 19. Bd3 Nxc3 0-1

[Event "AUTO-OPEN-232"]
[Site "http://www.queenalice.com/game.php?id=56963"]
[Date "2006.3.12"]
[Round "1"]
[White "Claumann"]
[Black "creative"]
[Result "1-0"]
[WhiteElo "2127"]
[BlackElo "1300"]

1. e4 c5 2. Nc3 Nc6 3. f4 a6 4. Nf3 e6 5. Be2 d5 6. O-O dxe4 7. Nxe4 Nf6 8. d3
Be7 9. Be3 O-O 10. Nxf6+ Bxf6 11. Bxc5 Bxb2 12. Rb1 1-0

[Event "Challenge"]
[Site "http://www.queenalice.com/game.php?id=56981"]
[Date "2006.3.12"]
[Round "-"]
[White "creative"]
[Black "joao"]
[Result "0-1"]
[WhiteElo "1362"]
[BlackElo "1500"]

1. d4 d5 2. c4 e6 3. Nf3 Nf6 4. Nc3 c6 5. Bg5 Be7 6. Qc2 dxc4 7. e4 b5 8. e5 Nd5
9. Bxe7 Nxe7 10. a4 a6 11. axb5 cxb5 12. Nxb5 axb5 13. Rxa8 Na6 14. Qe4 O-O 15.
Be2 h6 16. O-O Qb6 17. Ra1 Nd5 0-1

[Event "Challenge"]
[Site "http://www.queenalice.com/game.php?id=56982"]
[Date "2006.3.12"]
[Round "-"]
[White "creative"]
[Black "tewald"]
[Result "0-1"]
[WhiteElo "1342"]
[BlackElo "1763"]

1. d4 Nf6 2. c4 g6 3. Nf3 Bg7 4. Nc3 d6 5. e4 O-O 6. Be3 c5 7. d5 e6 8. Be2 e5
9. O-O a6 10. h4 Ng4 11. Bg5 f6 12. Bd2 Nd7 13. Ne1 h5 14. Bxg4 hxg4 15. Qxg4
Qe8 16. f4 exf4 17. Bxf4 Ne5 18. Qe2 Bg4 19. Qe3 Nxc4 20. Qg3 f5 21. exf5 Bxf5
22. b3 Ne5 23. Nf3 b5 24. Rfe1 Ra7 25. Rad1 Re7 26. Nxe5 dxe5 0-1

[Event "Challenge"]
[Site "http://www.queenalice.com/game.php?id=56986"]
[Date "2006.3.12"]
[Round "-"]
[White "creative"]
[Black "MikeDoherty"]
[Result "0-1"]
[WhiteElo "1300"]
[BlackElo "1935"]

1. d4 Nf6 2. c4 c5 3. d5 e6 4. Nc3 d6 5. e4 e5 6. Be2 Be7 7. Nf3 O-O 8. h3 Nbd7
9. Be3 Re8 10. Qd2 Nf8 11. g4 a6 12. Nh4 Nxe4 13. Nf5 Nxd2 0-1

[Event "AUTO-OPEN-233"]
[Site "http://www.queenalice.com/game.php?id=57262"]
[Date "2006.3.14"]
[Round "1"]
[White "cbaroni"]
[Black "creative"]
[Result "1-0"]
[WhiteElo "1249"]
[BlackElo "1302"]

1. e4 c5 2. Bc4 e6 3. Nf3 Nc6 4. O-O a6 5. Nc3 Qc7 6. d4 cxd4 7. Ne2 e5 8. Bg5
Be7 9. a4 h6 10. Bh4 g5 11. Bg3 1-0

[Event "AUTO-OPEN-233"]
[Site "http://www.queenalice.com/game.php?id=57263"]
[Date "2006.3.14"]
[Round "1"]
[White "creative"]
[Black "cbaroni"]
[Result "0-1"]
[WhiteElo "1282"]
[BlackElo "1278"]

1. d4 Nc6 2. c4 e6 3. Nf3 Nf6 4. Nc3 Bb4 5. Qc2 O-O 6. e4 d5 7. cxd5 exd5 8. e5
Ne4 9. Bd2 Bf5 10. Nxe4 dxe4 0-1

[Event "AUTO-OPEN-233"]
[Site "http://www.queenalice.com/game.php?id=57288"]
[Date "2006.3.14"]
[Round "1"]
[White "creative"]
[Black "saint_bazoka"]
[Result "0-1"]
[WhiteElo "1302"]
[BlackElo "2183"]

1. d4 Nf6 2. c4 e5 3. dxe5 Ng4 4. Nf3 Nc6 5. Bf4 Bb4+ 6. Nc3 Qe7 7. Qd5 f6 8.
exf6 Nxf6 9. Qd3 d6 10. e3 O-O 11. Be2 Ne5 12. Bxe5 dxe5 13. Qc2 e4 14. Nd4 c5
0-1

[Event "AUTO-OPEN-233"]
[Site "http://www.queenalice.com/game.php?id=57290"]
[Date "2006.3.14"]
[Round "1"]
[White "creative"]
[Black "rodrigosoares"]
[Result "0-1"]
[WhiteElo "1342"]
[BlackElo "1913"]

1. d4 d5 2. c4 e6 3. Nf3 Nf6 4. e3 Nbd7 5. Be2 Be7 6. O-O c5 7. cxd5 Nxd5 8. e4
N5f6 9. Nc3 O-O 10. Be3 cxd4 11. Nxd4 a6 12. f4 b5 13. Nf3 Bb7 14. Qc2 Rc8 15.
Qd2 Nc5 16. Qxd8 Rfxd8 17. Rad1 Ncxe4 18. Nxe4 Bxe4 19. Rc1 Bd5 20. Ne5 h6 21.
a3 Kf8 0-1

[Event "AUTO-OPEN-233"]
[Site "http://www.queenalice.com/game.php?id=57291"]
[Date "2006.3.14"]
[Round "1"]
[White "rodrigosoares"]
[Black "creative"]
[Result "1-0"]
[WhiteElo "1911"]
[BlackElo "1342"]

1. e4 c5 2. Nf3 Nc6 3. d4 e6 4. Be3 cxd4 5. Nxd4 Nxd4 6. Bxd4 Qc7 7. Nc3 Be7 8.
Be2 Nf6 9. O-O O-O 10. Nb5 Qc6 11. c4 a6 12. Nc3 Nxe4 13. Bf3 f5 14. Re1 d5 15.
cxd5 exd5 16. Rc1 Qd6 17. Qb3 Be6 18. Qd1 Rad8 19. h3 Qf4 20. Be3 Qh4 21. Qc2 f4
22. Bb6 Rc8 23. Bxe4 1-0